Francisco, el nuevo Juan XXIII : Jorge Mario Bergoglio, el primer pontífice americano para una nueva primavera de la Iglesia / José Manuel Vidal, Jesús Bustamante

Guardat en:
Dades bibliogràfiques
Autor principal: Vidal, José Manuel (autor)
Format: Llibre
Matèries:
Etiquetes: Afegir etiqueta
Sense etiquetes, Sigues el primer a etiquetar aquest registre!

MARC

LEADER 00000nam^a2200000^u^4500
001 000550310
005 20250521000000.0
008 060220s1000^^^^^^^^^^^^r^^^^^000^0^spa^d
009 20260310131531.363
022 |a 9788433026347 
035 |a FMI 000020087 
037 |a Acervo Xavier Clavigero 
096 |a 3.6.3/35/A 
100 |a Vidal, José Manuel  |e (autor) 
245 1 0 |a Francisco, el nuevo Juan XXIII : Jorge Mario Bergoglio, el primer pontífice americano para una nueva primavera de la Iglesia / José Manuel Vidal, Jesús Bustamante 
264 |a Bilbao : Desclée de Brouwer, 2013 
300 |a 158 p. 
336 |a texto  |b txt  |2 rdacontenido 
337 |a sin mediación  |b n  |2 rdamedio 
338 |a volumen  |b nc  |2 rdasoporte 
649 |a XX 
650 |a 1.Bergoglio, Jorge Mario 
650 |a Historia de la Iglesia 
910 |a Fondo Francisco Migoya Covarrubias S.J. 
920 |a Impresos - Libros 
930 |a Fondos Especiales 
905 |a 134 
901 |a SBC29158  |b IT2  |c ESP  |u 20250521 
902 |a https://opac.biblio.iteso.mx/vufind/Record/000550310